Boys Names that start with R - Statistics

General Stats
  • This quiz has been taken 1,208 times
  • The average score is 20 of 50
Answer Stats
Answer % Correct
Richard
92%
Robert
90%
Ronald
88%
Raymond
81%
Ryan
76%
Randy
63%
Riley
63%
Royce
63%
Roger
60%
Reginald
58%
Ralph
56%
Rhys
56%
Roland
54%
Roman
52%
Rory
46%
Ross
46%
Russell
45%
Ricardo
44%
Rupert
44%
Redmond
42%
Rowan
42%
Remy
41%
Rodney
41%
Rafael
40%
Reuben
39%
Roberto
39%
River
38%
Rudy
38%
Ramon
35%
Ryder
34%
Reed
30%
Romeo
30%
Rylan
29%
Rudolph
28%
Rufus
26%
Rusty
26%
Ronan
25%
Rhett
23%
Roderick
22%
Raj
19%
Randolph
18%
Riordan
18%
Rocco
16%
Rodrigo
16%
Rafferty
13%
Rohan
11%
Ramsey
9%
Regis
8%
Roscoe
8%
Roarke
2%
No matching quizzes found
Score Distribution
Percent of People with Each Score
Percentile by Number Answered
Your Score History
You have not taken this quiz